Sports Quiz

Random Sports Quiz

USFL Teams Quiz Stats

 Plays Quiz not verified by Sporcle

Challenge
Share
Tweet
Embed
Score 0/19 Timer 06:00
0 Plays Today
% Correct
Los Angeles Express
77.8%
Michigan Panthers
77.8%
New Jersey Generals
77.8%
Philadelphia Stars
74.1%
Chicago Blitz
70.4%
Houston Gamblers
70.4%
Memphis Showboats
70.4%
Boston Breakers
66.7%
Denver Gold
63%
Birmingham Stallions
59.3%
% Correct
Arizona Wranglers
55.6%
Jacksonville Bulls
51.9%
Oakland Invaders
51.9%
Tampa Bay Bandits
51.9%
Washington Federals
51.9%
Pittsburgh Maulers
48.1%
San Antonio Gunslingers
48.1%
Oklahoma Outlaws
33.3%
Arizona Outlaws
25.9%

You're not logged in!

Compare scores with friends on all Sporcle quizzes.
Join for Free
OR
Log In

You Might Also Like...

Show Comments

Extras

Created Nov 1, 2009ReportNominate
Tags:team, usfl

Top Quizzes Today


Score Distribution

Your Account Isn't Verified!

In order to create a playlist on Sporcle, you need to verify the email address you used during registration. Go to your Sporcle Settings to finish the process.

Report this User

Report this user for behavior that violates our Community Guidelines.

Details: